00437 2200169 4500001002100000005001700021008004100038020001800079035002500097041000700122082000800129090001400137100001700151245004100168260004600209650001200255INLIS0000000000045370:yyyyMMddHHmmss180719||||||||| | ||| |||| || |  a979-678-007-0 a0010-031300000004537 aid0 a500 a500 SOL p0 aasep solihin00aPelajaran Biologi untuk SLTP kelas 2 aBandungbPT SARANA PANCA KARYA NUSAc2003 0abiologi